NLSUI OPAC header image

Comparative politics, policy and international relations.Vol.II (Record no. 13343)

MARC details
000 -LEADER
fixed length control field 00548nam a2200157Ia 4500
008 - FIXED-LENGTH DATA ELEMENTS--GENERAL INFORMATION
fixed length control field 160316s1991 xxu||||| |||| 00| 0 eng d
082 ## - DEWEY DECIMAL CLASSIFICATION NUMBER
Classification number 320.000000
Item number CRO-II
100 ## - MAIN ENTRY--PERSONAL NAME
Personal name Crotty William
245 ## - TITLE STATEMENT
Title Comparative politics, policy and international relations.Vol.II
250 ## - EDITION STATEMENT
Edition statement
260 ## - PUBLICATION, DISTRIBUTION, ETC.
Place of publication, distribution, etc. Illinois
Name of publisher, distributor, etc. Northwestern University Press
Date of publication, distribution, etc. 1991
300 ## - PHYSICAL DESCRIPTION
Extent 294p
Other physical details
Dimensions vii
365 ## - TRADE PRICE
Price amount Rs.750 Set
650 ## - SUBJECT ADDED ENTRY--TOPICAL TERM
Topical term or geographic name entry element 1.Political Scinece - Comprehensive Politics<br/>2.Political Scinece - International Relations<br/>3.Politics - Government - U S A
700 ## - ADDED ENTRY--PERSONAL NAME
Personal name
--
Holdings
Withdrawn status Lost status Damaged status Not for loan Home library Current library Shelving location Date acquired Cost, normal purchase price Total Checkouts Full call number Barcode Date last seen Price effective from Koha item type Public note
        . . NAB Compactor 30.05.2017 750.00   320 CRO-II 13723 30.05.2017 30.05.2017 BOOKs Price for the entire Set